01989nam a2200241 a 450000100080000000500110000800800410001910000180006024500820007826000330016030000100019349000300020352013400023365000200157365000270159365000180162065000170163870000180165570000230167370000170169670000180171370000160173111345302024-05-20 2024 bl uuuu u0uu1 u #d1 aHAVERROTH, C. aEpagribo ponto de vista das organiza????es parceiras.h[electronic resource] aFlorian??polis: Epagric2024 a17 p. a(Epagri. Documentos, 368) aO Plano Diretor representa a estrat??gia de longo prazo da nossa institui????o. A consulta realizada junto ??s lideran??as das organiza????es parceiras da Epagri teve como objetivo sondar as impress??es dos parceiros sobre a atua????o da Empresa e buscar subs??dios para a an??lise conjuntural que permitir?? efetivar a proje????o para o futuro. Para realiza????o da consulta foi elaborado um question??rio abordando a atua????o e os focos da Epagri na pesquisa agropecu??ria e na extens??o rural e pesqueira, bem como foram verificados aspectos relacionados com as parcerias entre as organiza????es. A identifica????o dos parceiros foi realizada com o apoio das ger??ncias regionais e das unidades de pesquisa, as quais, al??m de indicar as organiza????es a serem consultadas, contribu??ram no encaminhamento do question??rio. Foram obtidas 187 respostas, que passaram a ser analisadas pela comiss??o paralelamente a consultas presenciais com atores-chaves, representantes de algumas parcerias estrat??gicas e representa????es do agro em Santa Catarina. O relato desta consulta, juntamente com os demais documentos produzidos durante o processo de revis??o do Plano Diretor, constituir?? o diagn??stico que servir?? de base para a etapa de elabora????o do documento final, a ser apresentado ao Conselho de Administra????o. aExtens??o Rural aPesquisa agropecu??ria aPlano Diretor aStakeholders1 aDORTZBACH, D.1 aKLABUNDE, G. H. F.1 aSILVA, P. F.1 aGERBER, R. M.1 aNESI, C. N.